[Event "Najdorf Memorial B"]
[Site "Warsaw POL"]
[Date "2021.07.15"]
[Round "6.18"]
[White "Bartczak, Hanna"]
[Black "Wilgosz, Jan"]
[Result "1/2-1/2"]
[WhiteElo "1443"]
[BlackElo "1561"]
[EventDate "????.??.??"]
[PlyCount "106"]
[LiveChessVersion "1.4.8"]

1.d4 {[%clk 1:30:30]} 1...Nf6 {[%clk 1:28:14]} 2.Nc3 {[%clk 1:31:00]} 2...g6 
{[%clk 1:25:39]} 3.e4 {[%clk 1:31:23]} 3...d6 {[%clk 1:25:49]} 4.Bf4 {[%clk
1:31:08]} 4...Bg7 {[%clk 1:25:26]} 5.Qd2 {[%clk 1:30:46]} 5...O-O {[%clk
1:24:43]} 6.O-O-O {[%clk 1:29:42]} 6...a6 {[%clk 1:17:30]} 7.f3 {[%clk 1:23:49]} 
7...b5 {[%clk 1:15:32]} 8.a3 {[%clk 1:18:28]} 8...Bb7 {[%clk 1:09:42]} 9.h4 
{[%clk 1:15:45]} 9...h5 {[%clk 1:06:32]} 10.Bh6 {[%clk 1:11:32]} 10...Nc6 
{[%clk 0:59:54]} 11.Be2 {[%clk 1:07:14]} 11...e5 {[%clk 0:52:07]} 12.d5 {[%clk
1:03:12]} 12...Nd4 {[%clk 0:51:34]} 13.g4 {[%clk 1:01:43]} 13...Qd7 {[%clk
0:47:40]} 14.Bxg7 {[%clk 0:51:54]} 14...Kxg7 {[%clk 0:48:02]} 15.g5 {[%clk
0:45:17]} 15...Ng8 {[%clk 0:46:40]} 16.f4 {[%clk 0:44:42]} 16...Nxe2+ {[%clk
0:43:59]} 17.Ngxe2 {[%clk 0:43:14]} 17...exf4 {[%clk 0:41:49]} 18.Qd4+ {[%clk
0:40:57]} 18...Kh7 {[%clk 0:41:29]} 19.Nxf4 {[%clk 0:40:47]} 19...a5 {[%clk
0:39:04]} 20.Nce2 {[%clk 0:35:03]} 20...b4 {[%clk 0:35:44]} 21.axb4 {[%clk
0:31:47]} 21...axb4 {[%clk 0:35:21]} 22.Qxb4 {[%clk 0:31:45]} 22...Rfb8 {[%clk
0:31:32]} 23.Qd4 {[%clk 0:31:23]} 23...Ra4 {[%clk 0:29:44]} 24.Qe3 {[%clk
0:27:03]} 24...Ba6 {[%clk 0:24:57]} 25.b3 {[%clk 0:25:04]} 25...Ra1+ {[%clk
0:19:13]} 26.Kd2 {[%clk 0:23:48]} 26...Rxd1+ {[%clk 0:19:11]} 27.Rxd1 {[%clk
0:22:36]} 27...Qg4 {[%clk 0:17:18]} 28.Rf1 {[%clk 0:19:46]} 28...Re8 {[%clk
0:11:37]} 29.Ne6 {[%clk 0:17:51]} 29...Re7 {[%clk 0:06:12]} 30.Rf4 {[%clk
0:10:15]} 30...Qxe2+ {[%clk 0:05:27]} 31.Qxe2 {[%clk 0:09:42]} 31...Bxe2 {[%clk
0:05:52]} 32.Nf8+ {[%clk 0:07:06]} 32...Kg7 {[%clk 0:05:36]} 33.Nxg6 {[%clk
0:07:31]} 33...fxg6 {[%clk 0:05:32]} 34.Kxe2 {[%clk 0:07:59]} 34...Rf7 {[%clk
0:04:58]} 35.Ke3 {[%clk 0:07:40]} 35...Ne7 {[%clk 0:04:59]} 36.c4 {[%clk
0:08:02]} 36...Nc8 {[%clk 0:04:10]} 37.Rxf7+ {[%clk 0:08:07]} 37...Kxf7 {[%clk
0:04:33]} 38.Kd4 {[%clk 0:08:34]} 38...Ke7 {[%clk 0:04:12]} 39.b4 {[%clk
0:08:51]} 39...Na7 {[%clk 0:03:43]} 40.e5 {[%clk 0:09:02]} 40...dxe5+ {[%clk
0:03:04]} 41.Kxe5 {[%clk 0:09:25]} 41...Nc8 {[%clk 0:02:42]} 42.c5 {[%clk
0:09:47]} 42...Na7 {[%clk 0:02:33]} 43.d6+ {[%clk 0:09:50]} 43...cxd6+ {[%clk
0:02:37]} 44.cxd6+ {[%clk 0:10:14]} 44...Kd7 {[%clk 0:02:51]} 45.Kf6 {[%clk
0:10:39]} 45...Nc6 {[%clk 0:01:51]} 46.Kxg6 {[%clk 0:10:27]} 46...Nxb4 {[%clk
0:02:09]} 47.Kxh5 {[%clk 0:07:54]} 47...Kxd6 {[%clk 0:02:09]} 48.Kg6 {[%clk
0:08:12]} 48...Ke7 {[%clk 0:02:19]} 49.Kh7 {[%clk 0:07:57]} 49...Nd5 {[%clk
0:02:30]} 50.Kg7 {[%clk 0:07:35]} 50...Nf4 {[%clk 0:02:41]} 51.g6 {[%clk
0:07:52]} 51...Nh5+ {[%clk 0:01:58]} 52.Kh8 {[%clk 0:07:02]} 52...Kf6 {[%clk
0:01:10]} 53.Kh7 {[%clk 0:07:19]} 53...Ng7 {[%clk 0:01:26]} 1/2-1/2

[Event "Najdorf Memorial B"]
[Site "Warsaw POL"]
[Date "2021.07.16"]
[Round "7.1"]
[White "Smetek, Michal"]
[Black "Wieckowski, Michal"]
[Result "0-1"]
[WhiteElo "1315"]
[BlackElo "1614"]
[EventDate "????.??.??"]
[PlyCount "94"]
[LiveChessVersion "1.4.8"]

1.d4 {[%clk 1:30:58]} 1...f5 {[%clk 1:31:00]} 2.e4 {[%clk 1:31:23]} 2...fxe4 
{[%clk 1:31:26]} 3.Nc3 {[%clk 1:31:48]} 3...Nf6 {[%clk 1:31:51]} 4.Bg5 {[%clk
1:32:10]} 4...Nc6 {[%clk 1:29:59]} 5.d5 {[%clk 1:32:07]} 5...Ne5 {[%clk
1:29:55]} 6.Qd4 {[%clk 1:32:26]} 6...Nf7 {[%clk 1:30:20]} 7.h4 {[%clk 1:32:38]} 
7...c6 {[%clk 1:28:57]} 8.Bc4 {[%clk 1:27:18]} 8...Qb6 {[%clk 1:24:47]} 9.O-O-O 
{[%clk 1:24:01]} 9...Qxd4 {[%clk 1:19:03]} 10.Rxd4 {[%clk 1:24:19]} 10...Nd6 
{[%clk 1:07:55]} 11.Bxf6 {[%clk 1:10:34]} 11...gxf6 {[%clk 1:07:51]} 12.Be2 
{[%clk 0:49:06]} 12...Bh6+ {[%clk 0:55:56]} 13.Kb1 {[%clk 0:48:54]} 13...e3 
{[%clk 0:47:24]} 14.Bh5+ {[%clk 0:47:41]} 14...Kd8 {[%clk 0:47:25]} 15.fxe3 
{[%clk 0:43:58]} 15...Nf5 {[%clk 0:42:23]} 16.Rg4 {[%clk 0:43:22]} 16...Nxe3 
{[%clk 0:42:03]} 17.Rg3 {[%clk 0:40:12]} 17...Nxd5 {[%clk 0:28:49]} 18.Nxd5 
{[%clk 0:38:58]} 18...cxd5 {[%clk 0:29:18]} 19.Rd3 {[%clk 0:39:04]} 19...e6 
{[%clk 0:27:39]} 20.Nh3 {[%clk 0:37:48]} 20...b6 {[%clk 0:24:20]} 21.Bf3 {[%clk
0:36:30]} 21...Rb8 {[%clk 0:24:35]} 22.g4 {[%clk 0:36:12]} 22...Bf8 {[%clk
0:23:02]} 23.Rhd1 {[%clk 0:30:56]} 23...Ba6 {[%clk 0:22:45]} 24.R3d2 {[%clk
0:31:16]} 24...Bc5 {[%clk 0:22:17]} 25.c3 {[%clk 0:28:37]} 25...Rc8 {[%clk
0:19:23]} 26.Rg2 {[%clk 0:28:32]} 26...Kc7 {[%clk 0:18:22]} 27.Nf4 {[%clk
0:24:54]} 27...Rcf8 {[%clk 0:17:16]} 28.Nh5 {[%clk 0:19:57]} 28...Rhg8 {[%clk
0:17:26]} 29.b4 {[%clk 0:19:30]} 29...Bd6 {[%clk 0:17:48]} 30.a4 {[%clk
0:17:45]} 30...Bc4 {[%clk 0:17:43]} 31.Kc2 {[%clk 0:15:49]} 31...a6 {[%clk
0:15:15]} 32.Rgd2 {[%clk 0:14:12]} 32...Be5 {[%clk 0:14:34]} 33.Re1 {[%clk
0:13:59]} 33...d6 {[%clk 0:13:21]} 34.Bd1 {[%clk 0:13:42]} 34...Kd7 {[%clk
0:12:30]} 35.Rg1 {[%clk 0:13:27]} 35...Rc8 {[%clk 0:08:20]} 36.Re1 {[%clk
0:10:36]} 36...Ke7 {[%clk 0:08:12]} 37.Rg1 {[%clk 0:09:27]} 37...h6 {[%clk
0:07:37]} 38.Bf3 {[%clk 0:09:10]} 38...Rc7 {[%clk 0:06:21]} 39.Kb2 {[%clk
0:07:29]} 39...Rg6 {[%clk 0:02:17]} 40.Bd1 {[%clk 0:07:06]} 40...f5 {[%clk
0:01:44]} 41.g5 {[%clk 0:07:14]} 41...hxg5 {[%clk 0:01:36]} 42.hxg5 {[%clk
0:06:55]} 42...Kd8 {[%clk 0:01:46]} 43.Bf3 {[%clk 0:04:57]} 43...Ke7 {[%clk
0:01:06]} 44.Bd1 {[%clk 0:04:35]} 44...b5 {[%clk 0:01:19]} 45.a5 {[%clk
0:04:59]} 45...Rc8 {[%clk 0:01:34]} 46.Bf3 {[%clk 0:02:01]} 46...Rcg8 {[%clk
0:01:23]} 47.Rdg2 {[%clk 0:02:19]} 47...Bd3 {[%clk 0:01:40]} 0-1

[Event "Najdorf Memorial B"]
[Site "Warsaw POL"]
[Date "2021.07.16"]
[Round "7.2"]
[White "Rog, Mateusz"]
[Black "Rejniak, Zuzanna"]
[Result "0-1"]
[WhiteElo "1523"]
[BlackElo "1768"]
[EventDate "????.??.??"]
[PlyCount "86"]
[LiveChessVersion "1.4.8"]

1.e4 {[%clk 1:30:57]} 1...c5 {[%clk 1:30:55]} 2.Nf3 {[%clk 1:30:49]} 2...d6 
{[%clk 1:31:19]} 3.d4 {[%clk 1:31:14]} 3...cxd4 {[%clk 1:31:43]} 4.Nxd4 {[%clk
1:31:41]} 4...Nf6 {[%clk 1:32:07]} 5.Nc3 {[%clk 1:32:04]} 5...a6 {[%clk
1:32:29]} 6.Bc4 {[%clk 1:32:18]} 6...e6 {[%clk 1:32:50]} 7.Bb3 {[%clk 1:32:39]} 
7...Nbd7 {[%clk 1:31:41]} 8.O-O {[%clk 1:32:55]} 8...Nc5 {[%clk 1:32:04]} 9.Re1 
{[%clk 1:30:52]} 9...Be7 {[%clk 1:21:03]} 10.Qf3 {[%clk 1:29:34]} 10...O-O 
{[%clk 1:17:08]} 11.Qg3 {[%clk 1:26:58]} 11...Kh8 {[%clk 1:14:27]} 12.Bg5 
{[%clk 1:19:58]} 12...e5 {[%clk 0:57:57]} 13.Nf5 {[%clk 1:15:53]} 13...Ncxe4 
{[%clk 0:54:46]} 14.Nxe4 {[%clk 1:13:15]} 14...Bxf5 {[%clk 0:54:41]} 15.Nxf6 
{[%clk 1:12:08]} 15...Bxf6 {[%clk 0:54:57]} 16.Bxf6 {[%clk 1:11:04]} 16...Qxf6 
{[%clk 0:55:13]} 17.Rad1 {[%clk 1:09:24]} 17...Rac8 {[%clk 0:50:42]} 18.Re2 
{[%clk 1:09:15]} 18...Rfd8 {[%clk 0:48:08]} 19.Red2 {[%clk 1:08:34]} 19...d5 
{[%clk 0:41:23]} 20.Bxd5 {[%clk 1:04:31]} 20...Bxc2 {[%clk 0:40:24]} 21.Re1 
{[%clk 1:02:31]} 21...Be4 {[%clk 0:38:07]} 22.Qb3 {[%clk 0:58:40]} 22...Qg5 
{[%clk 0:35:12]} 23.f4 {[%clk 0:57:33]} 23...Qxf4 {[%clk 0:33:25]} 24.Red1 
{[%clk 0:43:40]} 24...Bxd5 {[%clk 0:19:15]} 25.Rxd5 {[%clk 0:44:01]} 25...Rxd5 
{[%clk 0:19:15]} 26.Qxd5 {[%clk 0:44:13]} 26...h6 {[%clk 0:15:39]} 27.Qxb7 
{[%clk 0:42:00]} 27...Qe3+ {[%clk 0:15:40]} 28.Kf1 {[%clk 0:35:02]} 28...Rc2 
{[%clk 0:14:47]} 29.Qf3 {[%clk 0:33:29]} 29...Qxf3+ {[%clk 0:15:11]} 30.gxf3 
{[%clk 0:33:55]} 30...Rxb2 {[%clk 0:15:36]} 31.Ra1 {[%clk 0:33:19]} 31...Rxh2 
{[%clk 0:15:46]} 32.Kg1 {[%clk 0:33:37]} 32...Rc2 {[%clk 0:16:09]} 33.a4 {[%clk
0:33:59]} 33...a5 {[%clk 0:16:08]} 34.Re1 {[%clk 0:30:52]} 34...Rc4 {[%clk
0:15:40]} 35.Rxe5 {[%clk 0:30:53]} 35...Rxa4 {[%clk 0:16:08]} 36.Re7 {[%clk
0:30:47]} 36...Kg8 {[%clk 0:15:45]} 37.Re8+ {[%clk 0:30:19]} 37...Kh7 {[%clk
0:16:11]} 38.Ra8 {[%clk 0:30:38]} 38...Ra2 {[%clk 0:15:09]} 39.Kf1 {[%clk
0:30:29]} 39...g5 {[%clk 0:15:22]} 40.Kg1 {[%clk 0:30:52]} 40...Kg6 {[%clk
0:14:57]} 41.Ra6+ {[%clk 0:31:15]} 41...f6 {[%clk 0:15:20]} 42.Kf1 {[%clk
0:31:20]} 42...Kf5 {[%clk 0:15:39]} 43.Kg1 {[%clk 0:31:36]} 43...h5 {[%clk
0:15:44]} 0-1

[Event "Najdorf Memorial B"]
[Site "Warsaw POL"]
[Date "2021.07.16"]
[Round "7.3"]
[White "Bartnik, Michal"]
[Black "Hertlein, Irena"]
[Result "1/2-1/2"]
[WhiteElo "1407"]
[BlackElo "1643"]
[EventDate "????.??.??"]
[PlyCount "68"]
[LiveChessVersion "1.4.8"]

1.d4 {[%clk 1:30:59]} 1...d5 {[%clk 1:30:48]} 2.Nf3 {[%clk 1:31:13]} 2...e6 
{[%clk 1:31:04]} 3.c3 {[%clk 1:31:04]} 3...c5 {[%clk 1:29:32]} 4.Bg5 {[%clk
1:30:18]} 4...Be7 {[%clk 1:25:00]} 5.Bxe7 {[%clk 1:29:34]} 5...Qxe7 {[%clk
1:25:13]} 6.e3 {[%clk 1:28:58]} 6...Nf6 {[%clk 1:21:58]} 7.Nbd2 {[%clk 1:28:59]} 
7...Nbd7 {[%clk 1:17:02]} 8.Bd3 {[%clk 1:26:30]} 8...e5 {[%clk 1:11:24]} 9.Nxe5 
{[%clk 1:22:20]} 9...Nxe5 {[%clk 1:11:17]} 10.dxe5 {[%clk 1:22:48]} 10...Qxe5 
{[%clk 1:11:46]} 11.Nf3 {[%clk 1:23:16]} 11...Qe7 {[%clk 1:07:49]} 12.O-O 
{[%clk 1:22:02]} 12...O-O {[%clk 1:07:27]} 13.Qc2 {[%clk 1:17:57]} 13...Ne4 
{[%clk 0:55:37]} 14.Nd2 {[%clk 1:16:26]} 14...Bf5 {[%clk 0:40:30]} 15.c4 {[%clk
1:04:01]} 15...Nxd2 {[%clk 0:39:04]} 16.Qxd2 {[%clk 1:04:18]} 16...Bxd3 {[%clk
0:39:14]} 17.Qxd3 {[%clk 1:04:37]} 17...dxc4 {[%clk 0:36:13]} 18.Qxc4 {[%clk
1:04:42]} 18...Rfd8 {[%clk 0:33:37]} 19.Rfd1 {[%clk 1:02:40]} 19...b6 {[%clk
0:33:09]} 20.h3 {[%clk 1:02:54]} 20...Rxd1+ {[%clk 0:23:34]} 21.Rxd1 {[%clk
1:03:17]} 21...Rd8 {[%clk 0:24:00]} 22.Rd5 {[%clk 1:00:22]} 22...Rxd5 {[%clk
0:23:52]} 23.Qxd5 {[%clk 1:00:32]} 23...h6 {[%clk 0:24:20]} 24.e4 {[%clk
1:00:30]} 24...Qg5 {[%clk 0:13:16]} 25.Qa8+ {[%clk 0:55:42]} 25...Kh7 {[%clk
0:13:45]} 26.Qxa7 {[%clk 0:56:02]} 26...Qc1+ {[%clk 0:14:10]} 27.Kh2 {[%clk
0:56:23]} 27...Qxb2 {[%clk 0:14:38]} 28.Qxf7 {[%clk 0:56:10]} 28...Qe5+ {[%clk
0:15:02]} 29.f4 {[%clk 0:56:26]} 29...Qxe4 {[%clk 0:15:27]} 30.f5 {[%clk
0:56:46]} 30...Qc6 {[%clk 0:08:45]} 31.Qc4 {[%clk 0:55:43]} 31...Qd6+ {[%clk
0:07:35]} 32.Kh1 {[%clk 0:56:04]} 32...Qd1+ {[%clk 0:07:51]} 33.Kh2 {[%clk
0:56:19]} 33...Qd6+ {[%clk 0:08:20]} 34.Kh1 {[%clk 0:56:35]} 34...Qd1+ {[%clk
0:03:34]} 1/2-1/2

[Event "Najdorf Memorial B"]
[Site "Warsaw POL"]
[Date "2021.07.16"]
[Round "7.4"]
[White "Panczuk, Grzegorz"]
[Black "Malowidzki, Maciej"]
[Result "0-1"]
[WhiteElo "1721"]
[BlackElo "1415"]
[EventDate "????.??.??"]
[PlyCount "34"]
[LiveChessVersion "1.4.8"]

1.d4 {[%clk 1:30:58]} 1...Nf6 {[%clk 1:30:59]} 2.Bf4 {[%clk 1:31:21]} 2...e6 
{[%clk 1:31:23]} 3.e3 {[%clk 1:31:20]} 3...b6 {[%clk 1:31:51]} 4.Nd2 {[%clk
1:31:41]} 4...Bb7 {[%clk 1:32:18]} 5.Ngf3 {[%clk 1:31:53]} 5...Be7 {[%clk
1:32:37]} 6.Bd3 {[%clk 1:26:45]} 6...Nh5 {[%clk 1:32:48]} 7.Bg3 {[%clk 1:22:16]} 
7...c5 {[%clk 1:32:40]} 8.Nc4 {[%clk 1:22:19]} 8...Nxg3 {[%clk 1:31:21]} 9.hxg3 
{[%clk 1:22:43]} 9...d6 {[%clk 1:24:02]} 10.c3 Nd7 {[%clk 1:23:50]} 11.Qe2 
{[%clk 1:13:44]} 11...Nf6 {[%clk 1:19:28]} 12.a4 {[%clk 1:06:25]} 12...Rc8 
{[%clk 1:17:12]} 13.O-O {[%clk 0:52:40]} 13...O-O {[%clk 1:16:45]} 14.a5 {[%clk
0:36:48]} 14...b5 {[%clk 1:13:47]} 15.a6 {[%clk 0:36:08]} 15...Bxf3 {[%clk
1:13:56]} 16.Qxf3 {[%clk 0:36:16]} 16...bxc4 {[%clk 1:14:19]} 17.Bxc4 {[%clk
0:36:42]} 17...cxd4 {[%clk 1:14:42]} 0-1

[Event "Najdorf Memorial B"]
[Site "Warsaw POL"]
[Date "2021.07.16"]
[Round "7.5"]
[White "Michalowski, Patryk"]
[Black "Ptaszynski, Szymon"]
[Result "1-0"]
[WhiteElo "1770"]
[BlackElo "1516"]
[EventDate "????.??.??"]
[PlyCount "147"]
[LiveChessVersion "1.4.8"]

1.e4 {[%clk 1:30:57]} 1...c5 {[%clk 1:30:53]} 2.Nf3 {[%clk 1:31:23]} 2...a6 
{[%clk 1:31:20]} 3.c3 {[%clk 1:31:47]} 3...e6 {[%clk 1:31:45]} 4.d4 {[%clk
1:32:09]} 4...d5 {[%clk 1:32:10]} 5.e5 {[%clk 1:32:34]} 5...Nc6 {[%clk 1:32:37]} 
6.Bd3 {[%clk 1:32:30]} 6...Bd7 {[%clk 1:33:01]} 7.a3 {[%clk 1:31:50]} 7...Rc8 
{[%clk 1:32:37]} 8.O-O {[%clk 1:32:02]} 8...cxd4 {[%clk 1:32:41]} 9.cxd4 {[%clk
1:32:25]} 9...Nge7 {[%clk 1:32:30]} 10.Nc3 {[%clk 1:32:17]} 10...Ng6 {[%clk
1:31:08]} 11.Re1 {[%clk 1:31:52]} 11...Be7 {[%clk 1:31:24]} 12.g3 {[%clk
1:30:28]} 12...Qb6 {[%clk 1:30:20]} 13.Bc2 {[%clk 1:28:36]} 13...Qc7 {[%clk
1:22:48]} 14.h4 {[%clk 1:27:28]} 14...Bf8 {[%clk 1:21:46]} 15.Ng5 {[%clk
1:25:01]} 15...h6 {[%clk 1:21:00]} 16.Nxf7 {[%clk 1:21:25]} 16...Kxf7 {[%clk
1:21:09]} 17.Qf3+ {[%clk 1:17:34]} 17...Ke7 {[%clk 1:15:40]} 18.Bxg6 Be8 {[%clk
1:14:05]} 19.Bxe8 {[%clk 1:15:37]} 19...Kxe8 {[%clk 1:14:32]} 20.Qg4 {[%clk
1:15:40]} 20...Qd7 {[%clk 1:12:14]} 21.Na4 {[%clk 1:13:35]} 21...Qf7 {[%clk
1:08:40]} 22.b4 {[%clk 1:06:36]} 22...h5 {[%clk 1:03:40]} 23.Qd1 {[%clk
1:06:36]} 23...b5 {[%clk 1:01:21]} 24.Nc5 {[%clk 1:06:40]} 24...Bxc5 {[%clk
1:01:00]} 25.bxc5 {[%clk 1:03:52]} 25...Rf8 {[%clk 0:59:11]} 26.Be3 {[%clk
1:04:06]} 26...Qf5 {[%clk 0:57:43]} 27.Qe2 {[%clk 0:57:38]} 27...Ra8 {[%clk
0:56:00]} 28.Ra2 {[%clk 0:51:09]} 28...g6 {[%clk 0:53:10]} 29.Rd1 {[%clk
0:49:41]} 29...Qe4 {[%clk 0:47:29]} 30.Bg5 {[%clk 0:48:24]} 30...Qxe2 {[%clk
0:47:03]} 31.Rxe2 {[%clk 0:48:48]} 31...Kd7 {[%clk 0:47:04]} 32.Kg2 {[%clk
0:48:39]} 32...Ra7 33.Rb2 {[%clk 0:48:07]} 33...Rb7 {[%clk 0:46:45]} 34.Rd3 
{[%clk 0:46:10]} 34...a5 {[%clk 0:45:45]} 35.Bd2 {[%clk 0:45:10]} 35...b4 
{[%clk 0:41:54]} 36.a4 {[%clk 0:44:18]} 36...Rf7 {[%clk 0:39:33]} 37.Bg5 {[%clk
0:44:18]} 37...Rb8 {[%clk 0:39:38]} 38.f3 {[%clk 0:32:20]} 38...Rh8 {[%clk
0:38:17]} 39.g4 {[%clk 0:31:57]} 39...hxg4 {[%clk 0:38:28]} 40.fxg4 {[%clk
0:32:22]} 40...Rhh7 {[%clk 0:38:21]} 41.Bf6 {[%clk 0:31:16]} 41...Ke8 {[%clk
0:37:01]} 42.Kg3 {[%clk 0:31:17]} 42...Rf8 {[%clk 0:36:14]} 43.Rh2 {[%clk
0:30:33]} 43...Rff7 {[%clk 0:28:51]} 44.Kf4 {[%clk 0:29:15]} 44...Rf8 {[%clk
0:28:55]} 45.Rhh3 {[%clk 0:28:43]} 45...Kf7 {[%clk 0:27:37]} 46.h5 {[%clk
0:21:30]} 46...gxh5 {[%clk 0:26:41]} 47.gxh5 {[%clk 0:17:38]} 47...Ne7 {[%clk
0:20:24]} 48.Rhg3 {[%clk 0:15:47]} 48...Nf5 {[%clk 0:19:51]} 49.Rg5 {[%clk
0:16:07]} 49...Rb8 {[%clk 0:18:14]} 50.Rd1 {[%clk 0:12:13]} 50...b3 {[%clk
0:06:04]} 51.c6 {[%clk 0:12:37]} 51...Rc8 {[%clk 0:06:03]} 52.Rd3 {[%clk
0:12:53]} 52...Nxd4 {[%clk 0:00:33]} 53.Rxd4 {[%clk 0:13:15]} 53...b2 {[%clk
0:00:55]} 54.Rd1 {[%clk 0:13:19]} 54...Rxc6 {[%clk 0:01:15]} 55.Rb1 {[%clk
0:13:44]} 55...Rc2 {[%clk 0:00:55]} 56.Ke3 {[%clk 0:13:46]} 56...Kf8 {[%clk
0:00:42]} 57.h6 {[%clk 0:10:52]} 57...Rhc7 {[%clk 0:00:49]} 58.Rg4 {[%clk
0:10:05]} 58...Rh2 {[%clk 0:00:36]} 59.Rbg1 {[%clk 0:02:02]} 59...Ke8 {[%clk
0:00:34]} 60.Rg8+ {[%clk 0:02:11]} 60...Kd7 {[%clk 0:01:02]} 61.R8g7+ {[%clk
0:02:21]} 61...Kc6 {[%clk 0:01:19]} 62.Rxc7+ {[%clk 0:02:44]} 62...Kxc7 {[%clk
0:01:47]} 63.Bg7 {[%clk 0:02:32]} 63...Kc6 {[%clk 0:01:46]} 64.Kd4 {[%clk
0:02:18]} 64...Rd2+ {[%clk 0:01:57]} 65.Kc3 {[%clk 0:02:18]} 65...Rh2 {[%clk
0:02:22]} 66.Rb1 {[%clk 0:01:58]} 66...Kc5 {[%clk 0:02:49]} 67.Bf8+ {[%clk
0:02:20]} 67...Kc6 {[%clk 0:03:07]} 68.Rxb2 {[%clk 0:02:44]} 68...d4+ {[%clk
0:03:33]} 69.Kb3 {[%clk 0:03:02]} 69...Rh3+ {[%clk 0:03:58]} 70.Kc4 {[%clk
0:03:18]} 70...d3 {[%clk 0:03:46]} 71.Rd2 {[%clk 0:03:43]} 71...Rh4+ {[%clk
0:04:12]} 72.Kxd3 {[%clk 0:03:29]} 72...Kd5 {[%clk 0:04:39]} 73.Bg7 {[%clk
0:03:35]} 73...Rxa4 {[%clk 0:04:42]} 74.h7 {[%clk 0:03:51]} 1-0

[Event "Najdorf Memorial B"]
[Site "Warsaw POL"]
[Date "2021.07.16"]
[Round "7.6"]
[White "Seo, Ian"]
[Black "Jaskulski, Jan"]
[Result "1/2-1/2"]
[WhiteElo "1451"]
[BlackElo "1723"]
[EventDate "????.??.??"]
[PlyCount "145"]
[LiveChessVersion "1.4.8"]

1.e4 {[%clk 1:24:02]} 1...c5 {[%clk 1:30:49]} 2.Nf3 {[%clk 1:24:07]} 2...d6 
{[%clk 1:31:16]} 3.Bb5+ {[%clk 1:23:33]} 3...Bd7 {[%clk 1:31:24]} 4.Bxd7+ 
{[%clk 1:23:50]} 4...Qxd7 {[%clk 1:31:49]} 5.O-O {[%clk 1:24:08]} 5...Nc6 
{[%clk 1:32:15]} 6.c3 {[%clk 1:24:29]} 6...Nf6 {[%clk 1:31:56]} 7.Qe2 {[%clk
1:22:05]} 7...g6 {[%clk 1:18:13]} 8.d4 {[%clk 1:20:39]} 8...cxd4 {[%clk
1:16:25]} 9.cxd4 {[%clk 1:21:04]} 9...d5 {[%clk 1:10:57]} 10.e5 {[%clk 1:20:49]} 
10...Ne4 {[%clk 1:09:32]} 11.Be3 {[%clk 1:20:11]} 11...Bg7 {[%clk 1:09:45]} 
12.Ne1 {[%clk 1:17:08]} 12...f6 {[%clk 1:05:07]} 13.f3 {[%clk 1:11:49]} 
13...Ng5 {[%clk 1:05:24]} 14.f4 {[%clk 1:11:38]} 14...Ne6 {[%clk 1:05:20]} 
15.Nf3 {[%clk 1:11:33]} 15...f5 {[%clk 0:57:25]} 16.Nc3 {[%clk 1:04:12]} 
16...h6 {[%clk 0:47:14]} 17.Rad1 {[%clk 0:59:40]} 17...Kf7 {[%clk 0:41:39]} 
18.h3 {[%clk 0:52:40]} 18...Rag8 {[%clk 0:28:47]} 19.Qd2 {[%clk 0:43:13]} 
19...Bf8 {[%clk 0:26:08]} 20.Kh2 {[%clk 0:36:44]} 20...Ke8 {[%clk 0:23:19]} 
21.Ne2 {[%clk 0:34:23]} 21...Ncd8 {[%clk 0:17:53]} 22.Nh4 {[%clk 0:29:40]} 
22...h5 {[%clk 0:12:02]} 23.Nf3 {[%clk 0:29:25]} 23...Bh6 {[%clk 0:11:32]} 
24.h4 {[%clk 0:28:45]} 24...Nc6 {[%clk 0:11:14]} 25.g3 {[%clk 0:28:34]} 
25...Kf7 {[%clk 0:11:37]} 26.Rc1 {[%clk 0:28:17]} 26...Rc8 {[%clk 0:11:55]} 
27.Rc3 {[%clk 0:28:37]} 27...b6 {[%clk 0:11:55]} 28.Rfc1 {[%clk 0:28:55]} 
28...Na5 {[%clk 0:12:15]} 29.b3 {[%clk 0:28:51]} 29...Rc6 {[%clk 0:10:54]} 
30.Rxc6 {[%clk 0:27:52]} 30...Nxc6 {[%clk 0:11:23]} 31.Qc3 {[%clk 0:26:22]} 
31...Rc8 {[%clk 0:11:40]} 32.Kg2 {[%clk 0:26:22]} 32...Rc7 {[%clk 0:11:56]} 
33.Qd2 {[%clk 0:26:29]} 33...Nb8 {[%clk 0:09:24]} 34.Rc3 {[%clk 0:24:51]} 
34...Rxc3 {[%clk 0:09:39]} 35.Qxc3 {[%clk 0:25:16]} 35...Qb5 {[%clk 0:09:08]} 
36.Kf2 {[%clk 0:25:06]} 36...Qc6 {[%clk 0:08:35]} 37.Qxc6 {[%clk 0:24:01]} 
37...Nxc6 {[%clk 0:09:01]} 38.Nc3 {[%clk 0:24:27]} 38...Nc7 {[%clk 0:09:27]} 
39.Ke2 {[%clk 0:23:46]} 39...e6 {[%clk 0:09:15]} 40.Ne1 {[%clk 0:22:38]} 
40...Bf8 {[%clk 0:09:03]} 41.Nc2 {[%clk 0:22:38]} 41...Nb4 {[%clk 0:08:54]} 
42.Kd2 {[%clk 0:22:56]} 42...Nxc2 {[%clk 0:08:55]} 43.Kxc2 {[%clk 0:23:23]} 
43...Ke8 {[%clk 0:09:17]} 44.Bc1 {[%clk 0:23:16]} 44...Kd7 {[%clk 0:09:30]} 
45.a3 {[%clk 0:23:04]} 45...Kc6 {[%clk 0:09:48]} 46.Bb2 {[%clk 0:23:01]} 
46...b5 {[%clk 0:07:10]} 47.b4 {[%clk 0:23:23]} 47...Na8 {[%clk 0:07:06]} 
48.Bc1 {[%clk 0:23:34]} 48...Nb6 {[%clk 0:07:30]} 49.Ne2 {[%clk 0:23:16]} 
49...Nc4 {[%clk 0:07:34]} 50.Kc3 {[%clk 0:23:22]} 50...Be7 {[%clk 0:05:23]} 
51.Ng1 {[%clk 0:23:23]} 51...Nb6 {[%clk 0:04:29]} 52.Nf3 {[%clk 0:23:24]} 
52...Kd7 {[%clk 0:03:37]} 53.Nd2 {[%clk 0:23:29]} 53...Kc6 {[%clk 0:03:11]} 
54.Nf3 {[%clk 0:23:47]} 54...Nd7 {[%clk 0:03:16]} 55.Kd3 {[%clk 0:23:21]} 
55...Nb6 {[%clk 0:02:46]} 56.Kc3 {[%clk 0:23:38]} 56...Nc8 {[%clk 0:02:22]} 
57.Kb3 {[%clk 0:23:49]} 57...a6 {[%clk 0:02:15]} 58.Ne1 {[%clk 0:23:42]} 
58...Bd8 {[%clk 0:02:37]} 59.Bd2 {[%clk 0:23:43]} 59...Ne7 {[%clk 0:02:46]} 
60.Nd3 {[%clk 0:23:48]} 60...Bb6 {[%clk 0:02:59]} 61.Nc5 {[%clk 0:22:42]} 
61...Bxc5 {[%clk 0:03:22]} 62.bxc5 {[%clk 0:23:04]} 62...Kb7 {[%clk 0:03:34]} 
63.Bc3 {[%clk 0:22:32]} 63...Nc6 {[%clk 0:03:59]} 64.Kb2 {[%clk 0:22:42]} 
64...a5 {[%clk 0:04:17]} 65.Kb3 {[%clk 0:23:05]} 65...Ka6 {[%clk 0:04:31]} 
66.a4 {[%clk 0:23:11]} 66...b4 {[%clk 0:04:51]} 67.Bb2 {[%clk 0:23:07]} 
67...Kb7 {[%clk 0:05:03]} 68.Kc2 {[%clk 0:23:20]} 68...Ne7 {[%clk 0:05:23]} 
69.Bc1 {[%clk 0:23:36]} 69...Ng8 {[%clk 0:05:39]} 70.Be3 {[%clk 0:23:43]} 
70...Nh6 {[%clk 0:06:02]} 71.Bg1 {[%clk 0:23:58]} 71...Ng4 {[%clk 0:06:02]} 
72.Kb3 {[%clk 0:24:23]} 72...Nh6 {[%clk 0:04:45]} 73.Kc2 {[%clk 0:24:15]} 1/2-1/2